Geología y catastrofes naturales (Registro nro. 9377)

Detalles MARC
000 -CABECERA
Campo de control 004630000a22001570004500
090 ## - CLASIFICACIÓN LOCAL
Colección AR
Consecutivo 00277
041 0# - IDIOMA
Código de idioma para texto/pista de sonido o título separado
100 1# - ASIENTO PRINCIPAL--NOMBRE PERSONAL
Nombre personal Roa, Edgar Enrique
245 10 - MENCION DE TITULO
Título Geología y catastrofes naturales
650 14 - ASIENTO SECUNDARIO DE MATERIA - TERMINO TEMATICO
Término temático o nombre geográfico como elemento de entrada Geología ambiental
650 14 - ASIENTO SECUNDARIO DE MATERIA - TERMINO TEMATICO
Término temático o nombre geográfico como elemento de entrada Fenómenos naturales
650 14 - ASIENTO SECUNDARIO DE MATERIA - TERMINO TEMATICO
Término temático o nombre geográfico como elemento de entrada Mapas de amenazas
651 #4 - ASIENTO SECUNDARIO DE MATERIA - NOMBRE GEOGRAFICO
-- Colombia
773 1# - Item fuente:
Título Revista Universidad Nacional de Colombia
Especificación de materiales 109
Descripción física 24
Paginas del Articulo 11-16
Lugar, editorial y fecha de publicación 1990
Información sobre la relación 6
942 ## - ELEMENTOS ADICIONALES (KOHA)
Tipo de ítem Artículo
Existencias
Withdrawn status Lost status Damaged status No para préstamo Colección Ubicación Permanente Ubicación actual Fecha de adquisición Datos de publicación Seriada Total Checkouts Número topográfico Inventario / Código de Barras Date last seen Ejemplar Price effective from Forma de adquisición Tipo de material
      No para Préstamo Hemeroteca Bogotá Bogotá 27/02/2015 Fuera de circulación   AR 00277 010524 25/03/2015 1 25/03/2015   Artículo